| 000 | 00406cam a22001457a 4500 | ||
|---|---|---|---|
| 008 | 180718b1958 xxu||||| |||| 00| 0 eng d | ||
| 082 | _aT312 K952 | ||
| 100 | _aKuchhal, S.C. | ||
| 245 |
_aCorporation finance: principles and problems _cby S.C. Kuchhal |
||
| 250 | _a2nd ed. | ||
| 260 |
_aAllahabad _bChitanya Pub. House _c1958 |
||
| 300 | _a525p. | ||
| 500 | _aRs.11.50 | ||
| 650 | _aCorporations - Finance | ||
| 999 |
_c369826 _d369826 |
||